English Villages - Sudden Death - Statistics

General Stats
  • This quiz has been taken 69 times
  • The average score is 7 of 20
Answers on the Grid
Answers color-coded by a green-red scale on the quiz's grid according to % correct below.
Wetwang
Vesta Victoria
Upper Mountain
Snowville
Shilbottle
Puddletown
Poppylou
New York
Nether Wallop
Mugswell
Mousehole
Melton Constable
Loggerheads
Langton Matravers
Indian Queens
Happipig
Fulking
Foxfield
Forth Bridge
Ferris Wheel
Fairlight
Eddiehole
Coven
Camel's Lair
Blackgang
Bishops Itchington
Belper
Beer
Austin Healey
Aston juxta Mondrum
 
Answer Stats
Answer % Correct
Mousehole
69%
Puddletown
69%
Beer
62%
Belper
62%
Nether Wallop
62%
Foxfield
54%
Melton Constable
54%
Langton Matravers
46%
Wetwang
38%
Blackgang
31%
Indian Queens
31%
Fairlight
23%
Bishops Itchington
15%
Loggerheads
15%
Mugswell
15%
New York
15%
Shilbottle
15%
Aston juxta Mondrum
8%
Coven
8%
Fulking
8%
No matching quizzes found
Score Distribution
Percent of People with Each Score
Percentile by Number Answered
Your Score History
You have not taken this quiz